My version : (Record no. 587177)

000 -LEADER
fixed length control field 00948nam a2200289 a 4500
001 - CONTROL NUMBER
control field 2839816
005 - DATE AND TIME OF LATEST TRANSACTION
control field 20211207142445.0
008 - FIXED-LENGTH DATA ELEMENTS--GENERAL INFORMATION
fixed length control field 841127s1983 pk fabc 001 0aeng
010 ## - LIBRARY OF CONGRESS CONTROL NUMBER
LC control number 83930917
020 ## - INTERNATIONAL STANDARD BOOK NUMBER
Terms of availability Rs150.00
040 ## - CATALOGING SOURCE
Original cataloging agency DLC
Transcribing agency DLC
Modifying agency DLC
043 ## - GEOGRAPHIC AREA CODE
Geographic area code a-ii---
-- a-pk---
050 00 - LIBRARY OF CONGRESS CALL NUMBER
Classification number DS386
Item number .M8 1983
082 00 - DEWEY DECIMAL CLASSIFICATION NUMBER
Classification number 954.9045
-- B
Edition number 19
Author Mark MUS
100 1# - MAIN ENTRY--PERSONAL NAME
Personal name Musa, Mohammed.
9 (RLIN) 85933
245 10 - TITLE STATEMENT
Title My version :
Remainder of title India-Pakistan war, 1965 /
Statement of responsibility, etc. Mohammad Musa.
250 ## - EDITION STATEMENT
Edition statement 1st ed.
260 ## - PUBLICATION, DISTRIBUTION, ETC.
Place of publication, distribution, etc. Lahore :
Name of publisher, distributor, etc. Wajidalis,
Date of publication, distribution, etc. 1983.
300 ## - PHYSICAL DESCRIPTION
Extent xvii, 125 p., [17] p. of plates :
Other physical details ill., maps, ports. ;
Dimensions 23 cm.
500 ## - GENERAL NOTE
General note Includes index.
600 10 - SUBJECT ADDED ENTRY--PERSONAL NAME
Personal name Musa, Mohammed.
9 (RLIN) 85933
610 10 - SUBJECT ADDED ENTRY--CORPORATE NAME
Corporate name or jurisdiction name as entry element Pakistan.
Subordinate unit Army
General subdivision Biography.
9 (RLIN) 85934
650 #0 - SUBJECT ADDED ENTRY--TOPICAL TERM
Topical term or geographic name entry element India-Pakistan Conflict, 1965
General subdivision Personal narratives, Pakistani.
9 (RLIN) 85935
650 #0 - SUBJECT ADDED ENTRY--TOPICAL TERM
Topical term or geographic name entry element Generals
Geographic subdivision Pakistan
General subdivision Biography.
9 (RLIN) 85936
906 ## - LOCAL DATA ELEMENT F, LDF (RLIN)
a 7
b cbc
c orignew
d 3
e ncip
f 19
g y-gencatlg
942 ## - ADDED ENTRY ELEMENTS (KOHA)
Source of classification or shelving scheme
Koha item type Book
Holdings
Withdrawn status Lost status Source of classification or shelving scheme Damaged status Not for loan Permanent Location Current Location Date acquired Total Checkouts Full call number Barcode Date last seen Price effective from Koha item type
          School of Civil and Environmental Engineering (SCEE) School of Civil and Environmental Engineering (SCEE) 12/07/2021   954.9045 B MUS NIT-13410 12/07/2021 12/07/2021 Book
© 2023 Central Library, National University of Sciences and Technology. All Rights Reserved.